Statistics for Highest search interest country by term- Google Trends

Click here to take the quiz!

General Stats

  • This quiz has been taken 20 times
  • The average score is 14 of 25

Answer Stats

TermHintAnswer% Correct
ChampagneEuropeFrance
100%
Donald TrumpNorth AmericaUnited States of America
100%
GunNorth AmericaUnited States of America
100%
KangarooOceaniaAustralia
94%
OilAsiaSaudi Arabia
94%
KnightEuropeUnited Kingdom
88%
TalibanAsiaAfghanistan
81%
Tiananmen Square MassacreAsiaChina
81%
Usain BoltNorth AmericaJamaica
81%
Traffic congestionAsiaJapan
81%
ApartheidAfricaSouth Africa
81%
VeganismOceaniaAustralia
75%
BeaverNorth AmericaCanada
69%
EbolaAfricaLiberia
44%
CatEuropeRussia
44%
CricketAsiaBangladesh
38%
SafariAfricaBotswana
38%
BalkansEuropeBosnia and Herzegovina
25%
FranceAfricaIvory Coast
25%
FloodAsiaIndonesia
19%
JetpunkNot USANew Zealand
13%
PokémonNot JapanPeru
13%
NBANot USADominican Republic
6%
Why is the mitochondria the powerhouse of the cell?Nepal
6%
Premier LeagueNot UKSouth Sudan
6%

Score Distribution

Percentile by Number Answered

Percent of People with Each Score

Your Score History

You have not taken this quiz